| 000 | 01198nam a22002777a 4500 | ||
|---|---|---|---|
| 003 | OSt | ||
| 005 | 20250905131249.0 | ||
| 008 | 240821b ||||| |||| 00| 0 eng d | ||
| 040 | _c0 | ||
| 082 | _aDPer 361.05 J826 January-April 2020 v. 67 n. 1-3 | ||
| 100 |
_aDuffy, Ryan D. _eauthor. _941084 |
||
| 245 |
_aTesting a critical cultural wealth model of well-being among first-generation students / _cRyan D. Duffy, Haram J. Kim, Nicholas P. Gensmer, Leslie H. Pendleton, Shaun Boren, and Patton O. Garriott. |
||
| 260 |
_aWashington ; _bAmerican Psychological Association , _cMarch 2020. |
||
| 300 |
_aVolume 67, pages 171-183 : _billustration ; _c28 cm. |
||
| 500 | _aJournal of Counseling Psychology, vol. 67, no. 2, pages 171-183, March 2020. | ||
| 650 | 0 |
_aStudents psychology. _965333 |
|
| 650 | 0 |
_aEthnicity psychology. _965350 |
|
| 650 | 0 |
_aVolition physiology. _965351 |
|
| 700 |
_aDuffy, Ryan D. _eauthor. _941084 |
||
| 700 |
_aKim, Haram J. _eauthor. _958680 |
||
| 700 |
_aGensmer, Nicholas P. _eauthor. _958681 |
||
| 700 |
_aPendleton, Leslie H. _eauthor. _958682 |
||
| 700 |
_aBoren, Shaun. _eauthor. _958683 |
||
| 700 |
_aGarriott, Patton O. _eauthor. _958684 |
||
| 942 |
_2ddc _cPER |
||
| 999 |
_c20777 _d20777 |
||